| 000 | 00638pam a2200217 a 4500 | ||
|---|---|---|---|
| 001 | 3296751 | ||
| 005 | 20180206091719.0 | ||
| 008 | 830914s1984 nyua b 001 0 eng | ||
| 010 | _a 83019786 | ||
| 020 |
_a0471868345 : _c$19.95 |
||
| 040 |
_aDLC _cDLC _dDLC |
||
| 041 | _aeng | ||
| 080 | _a658.4094 WAR | ||
| 082 | 0 | 0 |
_a658.4094 WAR _219 |
| 100 | 1 | _a53 | |
| 101 | _aMAN | ||
| 245 | 1 | 0 |
_aJudgments, choices, and decisions : _cWarren J. Keegan. |
| 504 | _aIncludes bibliographical references and index. | ||
| 906 |
_a7 _bcbc _corignew _d1 _eocip _f19 _gy-gencatlg |
||
| 942 |
_2ddc _cBK |
||
| 999 |
_c41949 _d41949 |
||